[Event "Women's Speed Chess Q6"]
[Site "chess.com INT"]
[Date "2021.06.05"]
[Round "6"]
[White "Arabidze, Meri"]
[Black "Babiy, Olga"]
[Result "1-0"]
[WhiteTitle "IM"]
[BlackTitle "WGM"]
[WhiteElo "2432"]
[BlackElo "2280"]
[WhiteFideId "13604040"]
[BlackFideId "14117258"]
[EventDate "2021.06.05"]

1. Nf3 d5 2. g3 Nd7 3. d4 Nb6 4. Bg2 Bf5 5. O-O e6 6. Nc3 Nf6 7. Nh4 Bg4 8. h3
Bh5 9. g4 Bg6 10. Nxg6 hxg6 11. e4 Bb4 12. e5 Nfd7 13. Ne2 Be7 14. c3 c5 15. Ng3
cxd4 16. cxd4 Rc8 17. f4 Nc4 18. f5 Bg5 19. fxe6 fxe6 20. Qd3 Rh6 21. b3 Ncb6
22. Ba3 Qc7 23. Qf3 Qc3 24. Qf7+ Kd8 25. Qg8+ Kc7 26. Bd6+ Kc6 27. Qxe6 Qxg3 28.
Be7+ Kb5 29. a4+ Ka6 30. Rf3 Qh4 31. Bf1+ Rc4 32. bxc4 Bxe7 33. cxd5+ Ka5 34. d6
Bg5 35. Qb3 Bd2 36. Qb5# 1-0

[Event "Women's Speed Chess Q6"]
[Site "chess.com INT"]
[Date "2021.06.05"]
[Round "6"]
[White "Smietanska, Wiktoria"]
[Black "Maklakova, Nellija"]
[Result "0-1"]
[WhiteTitle "CM"]
[WhiteElo "1802"]
[BlackElo "1828"]
[WhiteFideId "21869359"]
[BlackFideId "11603470"]
[EventDate "2021.06.05"]

1. c4 c5 2. Nf3 Nc6 3. Nc3 e6 4. d4 cxd4 5. Nxd4 d5 6. cxd5 exd5 7. g3 Bc5 8.
Nb3 Bb4 9. Bg2 Be6 10. O-O Nge7 11. Bg5 f6 12. Bf4 O-O 13. a3 Bxc3 14. bxc3 Ne5
15. Nd4 Bf7 16. Nf3 N7g6 17. Qd4 Nxf4 18. Qxf4 Qc7 19. Qd4 b6 20. Rac1 Rae8 21.
Rfd1 Nc4 22. e3 Nxa3 23. Nh4 Rd8 24. Nf5 Nc4 25. Qf4 Ne5 26. Rd4 Qc5 27. Rcd1
Qxc3 28. Bxd5 Bxd5 29. Ne7+ Kh8 30. Nxd5 Qb3 31. Kg2 a5 32. Nc7 Rxd4 33. Qxd4 a4
34. Nd5 b5 35. Rc1 a3 36. Qc5 Rd8 37. Qb4 Qxd5+ 0-1

[Event "Women's Speed Chess Q6"]
[Site "chess.com INT"]
[Date "2021.06.05"]
[Round "6"]
[White "Frayna, Janelle Mae"]
[Black "Kairbekova, Amina"]
[Result "1-0"]
[WhiteTitle "WGM"]
[BlackTitle "WFM"]
[WhiteElo "2179"]
[BlackElo "2132"]
[WhiteFideId "5212499"]
[BlackFideId "13712799"]
[EventDate "2021.06.05"]

1. e4 c5 2. Nf3 Nc6 3. Bb5 g6 4. Bxc6 dxc6 5. h3 Bg7 6. d3 Nf6 7. Nc3 Nd7 8. Be3
e5 9. Qd2 h6 10. O-O-O b6 11. Kb1 Nf8 12. Nh2 Ne6 13. Ne2 Qe7 14. f4 exf4 15.
Nxf4 Nxf4 16. Bxf4 Be6 17. Ng4 g5 18. Bh2 O-O-O 19. Rhf1 Bxg4 20. hxg4 Qe6 21.
Rf5 Rd7 22. Qe2 Kb7 23. Rdf1 Rhd8 24. Qf3 c4 25. Rxf7 cxd3 26. cxd3 Ka6 27. Rxd7
Rxd7 28. Qf5 Qe7 29. Rd1 Qb4 30. Be5 Bf8 31. Bc3 Qa4 32. b3 Qa3 33. Bb2 Qb4 34.
d4 Bg7 35. e5 c5 36. Qd3+ Qb5 37. d5 Qxd3+ 38. Rxd3 Re7 39. d6 Re6 40. d7 1-0

[Event "Women's Speed Chess Q6"]
[Site "chess.com INT"]
[Date "2021.06.05"]
[Round "6"]
[White "Soumya, Swaminathan"]
[Black "Buksa, Nataliya"]
[Result "0-1"]
[WhiteTitle "IM"]
[BlackTitle "IM"]
[WhiteElo "2351"]
[BlackElo "2413"]
[WhiteFideId "5016193"]
[BlackFideId "14123622"]
[EventDate "2021.06.05"]

1. d4 d5 2. c4 e6 3. Nf3 Nf6 4. g3 Be7 5. Bg2 O-O 6. O-O dxc4 7. Qc2 b6 8. Nbd2
Bb7 9. Nxc4 Be4 10. Qb3 Nbd7 11. Rd1 Qc8 12. Bg5 c5 13. Rac1 Qb7 14. dxc5 Nxc5
15. Qe3 Nd5 16. Qd2 Rfd8 17. Bxe7 Qxe7 18. Qe1 Qf6 19. b4 Na4 20. a3 h6 21. Nfe5
Bxg2 22. Kxg2 Qf5 23. e4 Qf6 24. f4 Ne7 25. Nd6 b5 26. Nxb5 Nb6 27. Nc7 Rac8 28.
Rxd8+ Rxd8 29. Rd1 Rc8 30. Nb5 Ng6 31. Nf3 Nc4 32. e5 Qf5 33. Rc1 Nxf4+ 34. gxf4
Qxf4 35. Kf2 g5 36. Nd6 Nxd6 37. Rxc8+ Nxc8 0-1

[Event "Women's Speed Chess Q6"]
[Site "chess.com INT"]
[Date "2021.06.05"]
[Round "6"]
[White "Koridze, Lile"]
[Black "Fernandez, Maria Florencia"]
[Result "1-0"]
[WhiteTitle "WFM"]
[BlackTitle "WIM"]
[WhiteElo "2016"]
[BlackElo "2229"]
[WhiteFideId "13612514"]
[BlackFideId "116459"]
[EventDate "2021.06.05"]

1. d4 Nf6 2. c4 g6 3. Nc3 Bg7 4. e4 d6 5. Nf3 O-O 6. Be2 e5 7. O-O Nc6 8. Be3
Ng4 9. Bg5 f6 10. Bc1 exd4 11. Nxd4 Nxd4 12. Qxd4 f5 13. Qd5+ Kh8 14. h3 Ne5 15.
exf5 Bxf5 16. Be3 c6 17. Qd2 Qe7 18. Rad1 Rad8 19. Bxa7 Qh4 20. Bd4 c5 21. Be3
Bxh3 22. Bg5 Nxc4 23. Bxh4 Nxd2 24. Rxd2 Rde8 25. gxh3 Bd4 26. Bg3 Rf6 27. Nd5
Rf5 28. Ne3 Rg5 29. Kh2 h5 30. Bf4 Bxe3 31. fxe3 Rf5 32. Rxd6 Kh7 33. Bd3 Rf7
34. Bxg6+ Kg7 35. Be5+ Kf8 36. Rxf7+ Kg8 37. Rg7+ Kf8 38. Rdd7 h4 39. Rdf7# 1-0

[Event "Women's Speed Chess Q6"]
[Site "chess.com INT"]
[Date "2021.06.05"]
[Round "6"]
[White "Grineva, Marianna"]
[Black "Eswaran, Aksithi"]
[Result "1-0"]
[WhiteTitle "WFM"]
[BlackTitle "WCM"]
[WhiteElo "2029"]
[BlackElo "1745"]
[WhiteFideId "14102013"]
[BlackFideId "2083485"]
[EventDate "2021.06.05"]

1. e4 c5 2. Nf3 Nc6 3. d4 cxd4 4. Nxd4 Nf6 5. Nc3 e5 6. Ndb5 d6 7. Nd5 Nxd5 8.
exd5 Nb8 9. c4 Be7 10. Bd3 O-O 11. O-O a6 12. Nc3 f5 13. f3 Nd7 14. b4 Qb6+ 15.
Kh1 Qxb4 16. Bd2 Qb6 17. Qe1 Nc5 18. Bc2 Bd7 19. Qg3 Qc7 20. Qh3 Rac8 21. g4 Bf6
22. Rg1 h6 23. Bxh6 gxh6 24. Qxh6 Bg7 25. gxf5 Bxf5 26. Bxf5 Rxf5 27. Rxg7+ Qxg7
28. Rg1 Qxg1+ 29. Kxg1 Rf7 30. Qxd6 Nd3 31. Qe6 Rf8 32. d6 Kg7 33. Qg4+ Kh8 34.
Qh5+ Kg7 35. Qg5+ Kh8 36. Qh6+ Kg8 37. Nd5 Rg7+ 38. Kf1 Rgf7 39. Ne7+ Rxe7 40.
dxe7 Re8 41. Qf6 Nc5 42. Ke2 Nd7 43. Qe6+ Kg7 44. Qxd7 Kf7 45. Qxb7 Rxe7 46.
Qxa6 e4 47. f4 e3 48. f5 Ke8 49. c5 Kf7 50. Qg6+ Kf8 51. c6 Rc7 52. Qd6+ Re7 53.
c7 Kf7 54. c8=Q 1-0

[Event "Women's Speed Chess Q6"]
[Site "chess.com INT"]
[Date "2021.06.05"]
[Round "6"]
[White "Pandey, Srishti"]
[Black "Obregon Garcia, Roxangel"]
[Result "1/2-1/2"]
[WhiteTitle "WFM"]
[BlackTitle "WIM"]
[WhiteElo "2026"]
[BlackElo "2167"]
[WhiteFideId "35093290"]
[BlackFideId "3520420"]
[EventDate "2021.06.05"]

1. d4 d5 2. c4 c6 3. Nf3 Nf6 4. e3 e6 5. Nbd2 Nbd7 6. Bd3 Bd6 7. O-O O-O 8. b3
b6 9. Bb2 Bb7 10. Qe2 c5 11. Rfd1 Qe7 12. Rac1 h6 13. Ne5 Rac8 14. Ndf3 cxd4 15.
exd4 Ba3 16. Nxd7 Nxd7 17. Bxa3 Qxa3 18. Bb1 dxc4 19. bxc4 Bxf3 20. Qxf3 Qxf3
21. gxf3 Nf6 22. Be4 Rfe8 23. c5 Nd5 24. Bxd5 exd5 25. cxb6 axb6 26. Rxc8 Rxc8
27. Rb1 Rc6 28. Rb5 Rd6 29. a4 Kf8 30. Kf1 Ke7 31. Ke2 Kd7 32. a5 bxa5 33. Rxa5
Re6+ 34. Kd2 Kd6 35. Ra7 Rf6 36. Ke3 Ke6 37. f4 Kf5 38. Rd7 Ke6 39. Ra7 g6 40.
h3 h5 41. h4 Kf5 42. Kf3 Ke6 43. Ra6+ Ke7 44. Ra7+ Ke6 45. Ra6+ Kf5 46. Ra7 Ke6 1/2-1/2

[Event "Women's Speed Chess Q6"]
[Site "chess.com INT"]
[Date "2021.06.05"]
[Round "6"]
[White "Batsiashvili, Nino"]
[Black "Zhuravleva, Olga"]
[Result "1-0"]
[WhiteTitle "GM"]
[BlackTitle "WIM"]
[WhiteElo "2491"]
[BlackElo "2278"]
[WhiteFideId "13602993"]
[BlackFideId "4145933"]
[EventDate "2021.06.05"]

1. d4 g6 2. Nf3 Bg7 3. g3 d6 4. Bg2 Nc6 5. O-O e5 6. dxe5 Nxe5 7. Nxe5 Bxe5 8.
Nc3 Bg7 9. e4 Nf6 10. Bg5 h6 11. Bf4 O-O 12. Qd2 Kh7 13. Rad1 Qe7 14. Rfe1 g5
15. Be3 Bg4 16. Rb1 Qd7 17. Bd4 Bh3 18. Bh1 a6 19. Qd3 Kg8 20. Rbd1 Rad8 21. b3
Qc8 22. Bxf6 Bxf6 23. Nd5 Bg7 24. Ne3 Rfe8 25. Bg2 Bg4 26. Rd2 Be6 27. Rde2 b5
28. f4 gxf4 29. gxf4 Bg4 30. Rf2 Kh8 31. f5 Bh5 32. Nd5 Be5 33. Qh3 c6 34. Ne3
Bg6 35. Qxh6+ Bh7 36. Rf3 Bg7 37. Qh4 d5 38. Rh3 Kg8 39. f6 Kf8 40. fxg7+ Kxg7
41. Qh6+ Kg8 42. Qxh7+ Kf8 43. Nf5 1-0

[Event "Women's Speed Chess Q6"]
[Site "chess.com INT"]
[Date "2021.06.05"]
[Round "6"]
[White "Nurmanova, Alua"]
[Black "Shuvalova, Polina"]
[Result "0-1"]
[WhiteTitle "WFM"]
[BlackTitle "IM"]
[WhiteElo "2093"]
[BlackElo "2489"]
[WhiteFideId "13729390"]
[BlackFideId "24171760"]
[EventDate "2021.06.05"]

1. e4 c6 2. d4 g6 3. Nc3 Bg7 4. Nf3 d5 5. Be2 Nf6 6. e5 Ne4 7. Be3 Nxc3 8. bxc3
c5 9. dxc5 Nc6 10. Bd4 O-O 11. O-O Bg4 12. h3 Bxf3 13. Bxf3 Nxe5 14. Re1 Nxf3+
15. Qxf3 e6 16. Rad1 Rc8 17. Qe3 Re8 18. f4 Qh4 19. Bxg7 Kxg7 20. Qd4+ Kg8 21.
c4 Red8 22. Kh2 b6 23. cxb6 Rxc4 24. Qe5 axb6 25. f5 gxf5 26. Rd3 Qf4+ 27. Rg3+
Kf8 28. Qf6 Rd6 29. Re3 Re4 30. Rf3 Qe5 31. Qh6+ Ke7 32. Ra3 Rd8 33. Ra7+ Kd6
34. Qc1 Rg8 35. Qa3+ Kc6 36. Rxf7 Rxg3 37. Qa8+ Kb5 38. a4+ Kb4 0-1

[Event "Women's Speed Chess Q6"]
[Site "chess.com INT"]
[Date "2021.06.05"]
[Round "6"]
[White "Golubeva, Oksana"]
[Black "Klinova, Masha"]
[Result "1-0"]
[WhiteTitle "WFM"]
[BlackTitle "IM"]
[WhiteElo "2179"]
[BlackElo "2275"]
[WhiteFideId "4170164"]
[BlackFideId "2802015"]
[EventDate "2021.06.05"]

1. Nf3 g6 2. d4 Bg7 3. b3 d6 4. Bb2 Nf6 5. g3 O-O 6. Bg2 c6 7. O-O Bf5 8. a4 a5
9. Nbd2 Na6 10. Re1 Ne4 11. Nh4 Nxd2 12. Qxd2 Bd7 13. Rad1 d5 14. Ba3 Re8 15.
Nf3 Bf5 16. Ne5 f6 17. Nd3 e5 18. dxe5 fxe5 19. e4 Bg4 20. f3 Be6 21. Qf2 d4 22.
f4 exf4 23. gxf4 Nb4 24. Nxb4 axb4 25. Bxb4 Qb6 26. Bd2 Rad8 27. Kh1 Rf8 28. Rg1
Qc5 29. Bc1 Bg4 30. Rdf1 Qc3 31. Qg3 Qxg3 32. hxg3 d3 33. e5 dxc2 34. Be4 Bd1
35. Rf2 Bxe5 36. Rxc2 Bxc2 37. Bxc2 Bd4 38. Rf1 Rfe8 39. Bd3 Kg7 40. Bc4 Re7 41.
Kg2 Rb8 42. a5 b5 43. axb6 Rxb6 44. Bd2 c5 45. Ba5 Rf6 46. Bd8 Re3 47. Bxf6+
Kxf6 48. Rf3 Re2+ 49. Bxe2 1-0

[Event "Women's Speed Chess Q6"]
[Site "chess.com INT"]
[Date "2021.06.05"]
[Round "6"]
[White "Mendoza, Shania Mae"]
[Black "Matveeva, Olga"]
[Result "1-0"]
[WhiteTitle "WFM"]
[BlackTitle "WIM"]
[WhiteElo "2158"]
[BlackElo "2145"]
[WhiteFideId "5211158"]
[BlackFideId "24107018"]
[EventDate "2021.06.05"]

1. e4 e6 2. d4 d5 3. Nc3 Nf6 4. exd5 exd5 5. Bd3 c6 6. h3 Bd6 7. Qf3 O-O 8. Nge2
Re8 9. Bg5 Nbd7 10. O-O-O b5 11. Ng3 b4 12. Nce2 a5 13. Nf5 Bf8 14. g4 a4 15.
Kb1 Ba6 16. Neg3 b3 17. cxb3 axb3 18. a3 Bxd3+ 19. Rxd3 c5 20. Rxb3 c4 21. Re3
Qb6 22. Rhe1 Rxa3 23. Bxf6 Nxf6 24. Rxe8 Nxe8 25. Rxe8 Ra7 26. Qe3 c3 27. Qxc3
Qa6 28. Kc2 Qa4+ 29. Kd2 Qxe8 30. Ne3 Qe6 31. Ngf5 Qe4 32. Qd3 Qe6 33. Qb5 Rc7
34. Nxd5 Rc8 35. Nde3 g6 36. Ng3 Qd6 37. Ne4 Qc7 38. Nc3 Qh2 39. Qe2 Qxh3 40. f4
Qg3 41. Qf1 Bb4 42. Kd3 Re8 43. Ne4 1-0

[Event "Women's Speed Chess Q6"]
[Site "chess.com INT"]
[Date "2021.06.05"]
[Round "6"]
[White "Perez Rodriguez, Jennifer"]
[Black "Mammadova, Gulnar"]
[Result "1/2-1/2"]
[WhiteTitle "WIM"]
[BlackTitle "IM"]
[WhiteElo "2251"]
[BlackElo "2382"]
[WhiteFideId "3507831"]
[BlackFideId "13403508"]
[EventDate "2021.06.05"]

1. e4 e6 2. d4 d5 3. Bd3 c5 4. exd5 exd5 5. Nf3 Nc6 6. O-O c4 7. Re1+ Be7 8. Bf1
Nf6 9. b3 cxb3 10. axb3 O-O 11. h3 Bf5 12. Bf4 Nb4 13. Na3 Rc8 14. c4 Ne4 15.
Ne5 f6 16. Ng4 Bg6 17. f3 Nd6 18. c5 Nf5 19. Qd2 a5 20. Nb5 Be8 21. Ne3 Nxe3 22.
Rxe3 Bxb5 23. Bxb5 Nc6 24. Rae1 Nxd4 25. Rxe7 Nxb5 26. Bd6 Nxd6 27. Qxd5+ Nf7
28. Rd7 Qxd7 29. Qxd7 Rxc5 30. Qxb7 h5 31. Re7 h4 32. Rc7 Rg5 33. f4 Rg3 34. Qa7
Nd6 35. Qd4 Nf7 36. Qa7 Nd6 37. Qc5 Nf7 38. Qh5 Rxb3 39. Qxa5 Rb1+ 40. Kh2 Rf1
41. Qh5 Rxf4 42. Qg6 Rd4 43. Rb7 Rd5 44. Rc7 Rg5 45. Qe4 Nh6 46. Qxh4 Nf5 47.
Qc4+ Kh7 48. Rc8 Rxc8 49. Qxc8 Nh6 50. Qc2+ f5 51. Qc6 Rg6 52. Qd5 Rf6 53. Qe5
Kh8 54. Kg3 Kh7 55. Qe7 Kh8 56. Qe5 Kh7 57. Qe7 Kh8 58. Qe5 1/2-1/2

[Event "Women's Speed Chess Q6"]
[Site "chess.com INT"]
[Date "2021.06.05"]
[Round "6"]
[White "Paehtz, Elisabeth"]
[Black "Linares Napoles, Oleiny"]
[Result "1-0"]
[WhiteTitle "IM"]
[BlackTitle "WGM"]
[WhiteElo "2456"]
[BlackElo "2255"]
[WhiteFideId "4641833"]
[BlackFideId "3504794"]
[EventDate "2021.06.05"]

1. d4 Nf6 2. Nf3 g6 3. Bg5 Bg7 4. Nbd2 d6 5. c3 Nbd7 6. e4 h6 7. Bh4 e5 8. dxe5
dxe5 9. Be2 Qe7 10. O-O O-O 11. Qc2 Re8 12. Nc4 Qf8 13. Ne3 c6 14. Nd2 Nc5 15.
Rfd1 Ne6 16. Ndc4 Nf4 17. Bf1 Ng4 18. Nd6 g5 19. Nxe8 Qxe8 20. Bg3 Nxe3 21. fxe3
Ng6 22. Bc4 Be6 23. Qb3 Bxc4 24. Qxc4 h5 25. Rd2 h4 26. Bf2 Rd8 27. Rad1 Rxd2
28. Rxd2 Bf8 29. Qd3 Qe6 30. b3 Kg7 31. Qd7 Qf6 32. Qf5 Qe7 33. Rd7 Qe8 34. Rxb7
Be7 35. Qd7 Qa8 36. c4 a5 37. Be1 a4 38. b4 a3 39. Ra7 Qh8 40. Bc3 Qh5 41. Qd2
Qg4 42. h3 Qxe4 43. b5 cxb5 44. cxb5 Qb1+ 45. Kf2 Qxb5 46. Rd7 Qc6 47. Rd5 Bf6
48. Qd3 Qb6 49. Bd2 1-0

[Event "Women's Speed Chess Q6"]
[Site "chess.com INT"]
[Date "2021.06.05"]
[Round "6"]
[White "Mkrtchian, Lilit"]
[Black "Petrova, Irina"]
[Result "0-1"]
[WhiteTitle "IM"]
[BlackTitle "WIM"]
[WhiteElo "2388"]
[BlackElo "2110"]
[WhiteFideId "13300601"]
[BlackFideId "14124122"]
[EventDate "2021.06.05"]

1. e4 d6 2. d4 Nf6 3. Nc3 e5 4. Nge2 Nc6 5. h3 Be7 6. d5 Nb8 7. g4 c6 8. g5 Nh5
9. h4 a5 10. Be3 Na6 11. Qd2 f5 12. f3 f4 13. Bf2 h6 14. gxh6 Rxh6 15. O-O-O Bd7
16. Bh3 Bxh3 17. Rxh3 Qd7 18. Rhh1 c5 19. a4 Nc7 20. Qd3 Rb8 21. Nb5 Nxb5 22.
axb5 b6 23. c4 Kd8 24. Rdg1 Kc7 25. Rg4 Rbh8 26. Qd1 Bf8 27. Qg1 Nf6 28. Rg5
R8h7 29. Qg2 Qc8 30. Rg1 Qa8 31. Kb1 a4 32. Ka2 Qa5 33. Be1 Qa8 34. Qh3 Qc8 35.
Qxc8+ Kxc8 36. Ka3 Kc7 37. Kxa4 Ne8 38. Kb3 Be7 39. R5g4 Bxh4 40. Bxh4 Rxh4 41.
Rxh4 Rxh4 42. Ra1 Kb7 43. Kc2 Rh2 44. Kd3 Rh3 45. Ng1 Rg3 46. Rf1 g5 47. Ke2 Nf6
48. Kf2 g4 49. Ke2 gxf3+ 50. Nxf3 Nxe4 51. Rh1 Rg2+ 52. Kd3 Nf2+ 0-1

[Event "Women's Speed Chess Q6"]
[Site "chess.com INT"]
[Date "2021.06.05"]
[Round "6"]
[White "Kanyamarala, Trisha"]
[Black "Kotepalli, Sai Nirupama"]
[Result "0-1"]
[WhiteTitle "WIM"]
[BlackTitle "WFM"]
[WhiteElo "2180"]
[BlackElo "1914"]
[WhiteFideId "45004722"]
[BlackFideId "5039444"]
[EventDate "2021.06.05"]

1. e4 c5 2. Nf3 e6 3. Qe2 Nc6 4. c3 Nf6 5. e5 Nd5 6. d3 d6 7. exd6 Bxd6 8. g3
O-O 9. Bg2 Re8 10. O-O e5 11. Nbd2 Bf5 12. Ne4 Nf6 13. h3 Be7 14. Rd1 Qc7 15.
Nh4 Bg6 16. Be3 b6 17. Nxg6 hxg6 18. Qf3 Rac8 19. h4 Nd8 20. Bh3 Rb8 21. Ng5 Nh7
22. Nxh7 Kxh7 23. h5 Qc6 24. hxg6+ fxg6 25. Qxc6 Nxc6 26. Bd7 Rec8 27. Bxc8 Rxc8
28. Kg2 Bf6 29. Rac1 Kg8 30. d4 Na5 31. dxc5 bxc5 32. Rd8+ Bxd8 33. b3 c4 34. b4
Nc6 35. a4 a6 36. Rd1 Bf6 37. b5 axb5 38. axb5 Na5 39. b6 Rb8 40. Rd5 Nb3 41.
Rd7 Na5 42. Ra7 Nb7 43. Ra1 Kf7 44. Ra4 Nd6 45. Ra7+ Rb7 46. Ra5 Bd8 47. Rd5 Ke6
48. Rd1 Bxb6 49. Bg5 Bxf2 50. Kxf2 Ne4+ 51. Kf3 Nxg5+ 52. Kg4 Ne4 53. Rc1 Rb3
54. Rc2 Rxc3 55. Ra2 Rxg3+ 56. Kh4 g5+ 57. Kh5 Rh3+ 58. Kg6 Rh6+ 59. Kxg7 Rf6
60. Ra6+ Nd6 0-1

[Event "Women's Speed Chess Q6"]
[Site "chess.com INT"]
[Date "2021.06.05"]
[Round "6"]
[White "Kulkarni, Bhakti"]
[Black "Belenkaya, Dina"]
[Result "1-0"]
[WhiteTitle "IM"]
[BlackTitle "WGM"]
[WhiteElo "2391"]
[BlackElo "2341"]
[WhiteFideId "5019516"]
[BlackFideId "24142654"]
[EventDate "2021.06.05"]

1. d4 d5 2. c4 dxc4 3. Nf3 Nf6 4. e3 a6 5. Bxc4 e6 6. O-O c5 7. Nc3 b5 8. Bd3
Nbd7 9. Qe2 Bb7 10. Rd1 Be7 11. dxc5 Bxc5 12. b3 O-O 13. Bb2 Qb8 14. Rac1 Rc8
15. Ng5 Bd6 16. h3 Be5 17. Nxh7 b4 18. Nxf6+ Nxf6 19. Na4 Bxb2 20. Qxb2 Rxc1 21.
Rxc1 Bd5 22. Qd4 Qb7 23. f3 Rc8 24. Rc5 Nd7 25. Rxc8+ Qxc8 26. Qxb4 Qc1+ 27. Kf2
Qc6 28. Nc3 g6 29. Nxd5 exd5 30. Qd4 Nc5 31. Be2 Ne6 32. Qd3 Nc7 33. a4 a5 34.
Qd2 Qc5 35. Qd4 Qc6 36. b4 Ne6 37. Qe5 Qxa4 38. bxa5 Qxa5 39. h4 Qc5 40. h5 gxh5
41. Qxh5 Qd6 42. Qg4+ Kf8 43. Qh3 d4 44. Qh8+ Ke7 45. exd4 Nxd4 46. Qh4+ f6 47.
Qe4+ Ne6 48. Bc4 Qc5+ 49. Kf1 Qd6 50. Qxe6+ Qxe6 51. Bxe6 Kxe6 52. Kf2 f5 53.
Kg3 Ke5 54. Kf2 Kf4 55. g3+ Ke5 56. Ke2 Kd4 57. Kd2 Kd5 58. Kd3 Ke5 59. Ke3 f4+
60. Kf2 Kf5 61. g4+ Kg5 62. Ke2 Kh4 63. Kd3 Kg3 64. Ke4 Kh4 65. Kxf4 Kh3 66. g5
Kh4 67. g6 Kh5 68. g7 Kh6 69. g8=Q Kh5 70. Qh7# 1-0

[Event "Women's Speed Chess Q6"]
[Site "chess.com INT"]
[Date "2021.06.05"]
[Round "6"]
[White "Kubicka, Anna"]
[Black "Nandhidhaa, P V"]
[Result "1/2-1/2"]
[WhiteTitle "WIM"]
[BlackTitle "WGM"]
[WhiteElo "2210"]
[BlackElo "2365"]
[WhiteFideId "1152254"]
[BlackFideId "5050847"]
[EventDate "2021.06.05"]

1. e4 g6 2. d4 Bg7 3. Nc3 d5 4. exd5 Nf6 5. Bb5+ Nbd7 6. Nge2 O-O 7. O-O Nb6 8.
Nf4 Nbxd5 9. Ncxd5 Nxd5 10. c3 c6 11. Bd3 e5 12. dxe5 Bxe5 13. Nxd5 Qxd5 14. Bc2
Qxd1 15. Rxd1 Be6 16. Bg5 Kg7 17. a3 h6 18. Be3 a6 19. Bb6 Bf6 20. Rd2 Rfe8 21.
Rad1 Bd5 22. f3 Bg5 23. Rf2 Be3 24. Bxe3 Rxe3 25. Rfd2 Rae8 26. Kf2 b5 27. Be4
R3xe4 28. fxe4 Rxe4 29. Re1 Rf4+ 30. Kg3 g5 31. h3 h5 32. Re7 a5 33. Re3 a4 34.
Red3 h4+ 35. Kh2 Rf5 36. Re3 Kg6 37. Kg1 Rf4 38. Rf2 Rc4 39. Re7 f5 40. Re5 Be4
41. Rd2 Bd5 42. Re8 g4 43. hxg4 fxg4 44. Kh2 Rf4 45. Kg1 Rf6 46. Rf2 Rd6 47. Re7
Kg5 48. Rg7+ Rg6 49. Rxg6+ Kxg6 50. Re2 Kg5 51. Re7 Kf4 52. Kf2 g3+ 53. Kg1 Kg4
54. Rh7 Kg5 55. Rh8 Kg4 56. Kf1 Kg5 57. Kg1 Kg4 58. Rh7 Kg5 59. Re7 Kg4 60. Re8
Kg5 61. Re7 Kg4 1/2-1/2

[Event "Women's Speed Chess Q6"]
[Site "chess.com INT"]
[Date "2021.06.05"]
[Round "6"]
[White "Zaksaite, Salomeja"]
[Black "Fronda, Jan Jodilyn"]
[Result "1-0"]
[WhiteTitle "WIM"]
[BlackTitle "WIM"]
[WhiteElo "2202"]
[BlackElo "2152"]
[WhiteFideId "12801496"]
[BlackFideId "5204585"]
[EventDate "2021.06.05"]

1. e4 e5 2. Nf3 Nf6 3. Nxe5 d6 4. Nf3 Nxe4 5. Qe2 Qe7 6. d3 Nf6 7. Bg5 Be6 8.
Nc3 Nbd7 9. Nb5 Nb6 10. Bxf6 gxf6 11. O-O-O a6 12. Nc3 O-O-O 13. g3 Qd7 14. Bg2
Kb8 15. Nd4 Bg4 16. f3 Re8 17. Qf2 Bh6+ 18. Kb1 Be3 19. Qf1 Bxd4 20. fxg4 Bxc3
21. bxc3 Na4 22. Qxf6 Rhg8 23. c4 Re2 24. Bd5 Rxg4 25. Rde1 Rg6 26. Qh8+ Ka7 27.
Rxe2 f6 28. Qe8 Qg4 29. Qe3+ c5 30. Ka1 Nc3 31. Rf2 Rg7 32. Qd2 Qd4 33. Rf4 Ne4+
34. c3 Nxd2 35. cxd4 cxd4 36. Rxd4 Re7 37. Rd1 Re2 38. Rf4 Rxh2 39. Rxf6 Kb6 40.
Rf7 Kc5 41. Rxb7 Kd4 42. Rb2 Kc3 43. Rb3+ Kc2 44. Rb2+ Kc3 45. Rbxd2 Rxd2 46.
Rxd2 Kxd2 47. Be4 Ke3 48. Kb2 h5 49. Kc3 Kf2 50. d4 Kxg3 51. c5 dxc5 52. dxc5
Kf4 53. Ba8 Ke5 54. Bh1 Ke6 55. c6 Kd6 56. Kb4 Kc7 57. Ka5 h4 58. Kxa6 h3 59.
Kb5 h2 60. a4 Kb8 61. a5 Ka7 62. Kc5 Kb8 63. Kd6 Kc8 64. a6 Kb8 65. c7+ Kc8 66.
Bb7# 1-0

[Event "Women's Speed Chess Q6"]
[Site "chess.com INT"]
[Date "2021.06.05"]
[Round "6"]
[White "Nanditha, V"]
[Black "Dong, Khanh Linh"]
[Result "0-1"]
[WhiteTitle "WCM"]
[BlackTitle "WCM"]
[WhiteElo "1666"]
[BlackElo "1970"]
[WhiteFideId "46626697"]
[BlackFideId "12403040"]
[EventDate "2021.06.05"]

1. e4 c5 2. Nf3 d6 3. d4 cxd4 4. Nxd4 Nf6 5. Nc3 a6 6. h3 e5 7. Nde2 Be7 8. Bg5
b5 9. Bxf6 Bxf6 10. Nd5 Bb7 11. Ng3 g6 12. c4 bxc4 13. Bxc4 O-O 14. O-O Nc6 15.
Rc1 Nd4 16. Ne2 Bg7 17. Nxd4 exd4 18. Qd3 a5 19. Rc2 a4 20. a3 Qg5 21. f4 Qh4
22. f5 Be5 23. fxg6 hxg6 24. Qf3 Kg7 25. g4 Ra7 26. Rcf2 Ba6 27. Bxa6 Rxa6 28.
Nb4 Ra7 29. Nc6 Rc7 30. Nb4 Rh8 31. Kg2 f6 32. Nd5 Rcc8 33. Ne7 Rc7 34. Nd5 Rb7
35. Rc2 Rb3 36. Rc7+ Kh6 37. Nc3 dxc3 38. Qe3+ g5 39. Qf3 Rxb2+ 40. Kg1 Rf8 41.
Kh1 Qg3 42. Qxg3 Bxg3 43. Rxc3 Be5 44. Rcf3 Ra2 45. Rd1 Kg6 46. Rdd3 Rb8 47. Rf1
Rbb2 48. Rfd1 Rh2+ 49. Kg1 Rag2+ 50. Kf1 Rf2+ 51. Kg1 Rhg2+ 52. Kh1 Ra2 53. Rf3
Rgb2 54. Re1 Rb3 55. Ref1 Raxa3 56. Rxb3 axb3 57. h4 b2 58. h5+ Kh6 59. Kg2 Ra1
60. Rf2 b1=Q 61. Re2 Qh1+ 62. Kf2 Qg1+ 63. Kf3 Qg3# 0-1

[Event "Women's Speed Chess Q6"]
[Site "chess.com INT"]
[Date "2021.06.05"]
[Round "6"]
[White "Sliwicka, Alicja"]
[Black "Bommini, Mounika Akshaya"]
[Result "1-0"]
[WhiteTitle "WIM"]
[BlackTitle "WFM"]
[WhiteElo "2308"]
[BlackElo "2029"]
[WhiteFideId "1150677"]
[BlackFideId "25019872"]
[EventDate "2021.06.05"]

1. e4 Nc6 2. d4 e5 3. Nf3 exd4 4. Nxd4 Nf6 5. Nc3 Bb4 6. Nxc6 bxc6 7. Bd3 d5 8.
exd5 cxd5 9. O-O O-O 10. Bg5 c6 11. Qf3 h6 12. Bxf6 Qxf6 13. Qxf6 gxf6 14. Ne2
Bd6 15. Nd4 c5 16. Nf5 Bxf5 17. Bxf5 Rfe8 18. Rfe1 Re5 19. g4 Rae8 20. Rxe5 fxe5
21. Rd1 d4 22. Be4 Kg7 23. Kf1 Kf6 24. h4 h5 25. g5+ Ke6 26. Ke2 Rg8 27. Bd3 Rg7
28. Rg1 f6 29. g6 f5 30. Rg5 e4 31. Bc4+ Kf6 32. Rxh5 Rxg6 33. Rh7 Rg2 34. Kf1
Rh2 35. Rh6+ Ke7 36. h5 Bf4 37. Rh7+ Kd6 38. Rxa7 Rxh5 39. Ra6+ Kc7 40. Rf6 e3
41. fxe3 Bxe3 42. Kg2 f4 43. Bd3 Rg5+ 44. Kf3 Bc1 45. b3 Rg3+ 46. Ke4 Kd7 47.
Kd5 f3 48. a4 Be3 49. Kxc5 f2 50. Kc4 Rg5 51. b4 Kc7 52. Rf7+ Kd6 53. b5 Rg4 54.
Rf6+ Kc7 55. Rf5 Kb6 56. Rf6+ Kb7 57. a5 Rf4 58. a6+ Ka7 59. Rxf4 Bxf4 60. Kc5
Be3 61. b6+ Kb8 62. Kc6 Ka8 63. Bf1 d3 64. cxd3 Bd4 65. Bg2 Be3 66. Kc7# 1-0